000 01207 a2200217 4500
005 20080904110058.0
008 080904t xxu||||| |||| 00| 0 hin d
010 _aHIN-78972
020 _a8190217690
_c125.00
035 _aHN-51319
037 _bD.B.Act / pub
082 _a004.1
100 _aशर्मा, पवित्र कुमार
245 _aकम्प्यूटर : एक क्रमिक विकास
_cपवित्र कुमार शर्मा
246 _aComputer ; ek kramic vikas
_bby Pavitra Kumar Sharma
260 _aदिल्ली
_bविक्रांत पब्लिशिंग हाउस
_c2006
270 _a30/35-36,ग्राउन्ड फ्लोर,गली नं.9,विश्वास नगर,शाहदरा
_bदिल्ली
_e110032
300 _avi,112पृ
_c22 सेमी (सजिल्द)
_bसचित्र
942 _adpl
_cHN
_k004.1 / शर्माप
_2ddc
_h004.1
_m शर्माप
999 _c1080
_d1080